000
00327nam a22001337a 4500
008
181022b xxu||||| |||| 00| 0 eng d
020
_a
9780132969895
041
_a
eng
080
_a
070
100
_a
40
101
_a
MED
245
_a
Executive's Portfolio of Model Speeches for all Occassions
_c
Booher, D
942
_2
udc
_c
BK
999
_c
50527
_d
50527